| 000 | 00715nam a2200265 a 4500 | ||
|---|---|---|---|
| 001 | vtls001527824 | ||
| 003 | NLI | ||
| 005 | 20210627144827.0 | ||
| 008 | 121212s1948 enk 000 0 eng | ||
| 039 | 9 |
_y201212121614 _zVLOAD |
|
| 040 | 0 |
_aNLI _beng _cXData_1 _eAACR2 |
|
| 041 | 0 | _aeng | |
| 044 | _aenk | ||
| 082 | _a1501271 | ||
| 100 | 1 |
_aGriffith, Edward F. _9757110 |
|
| 245 | 1 | 0 |
_aMoral in the meeting pot / _cby Edward F. Griffith |
| 260 |
_aLondon : _bMathuen, _c1948 |
||
| 300 |
_a295 p. ; _c19 cm. |
||
| 650 | 0 |
_aPsychology _9683737 |
|
| 887 | _a | ||
| 901 |
_aIMP29265 _b06.01.1949 |
||
| 902 | _a150 B 1271 | ||
| 949 |
_AVIRTUAITEM _D10000 _X100 _6IMP000029265ENG |
||
| 942 |
_2ddc _cBKS |
||
| 999 |
_aVIRTUA40 _c977925 _d977925 |
||